Object data management : (Record no. 175287)
[ view plain ]
| 000 -LEADER | |
|---|---|
| fixed length control field | 00941 a2200229 4500 |
| 003 - CONTROL NUMBER IDENTIFIER | |
| control field | Nust |
| 005 - DATE AND TIME OF LATEST TRANSACTION | |
| control field | 20220725194301.0 |
| 010 ## - LIBRARY OF CONGRESS CONTROL NUMBER | |
| LC control number | 93039690 |
| 020 ## - INTERNATIONAL STANDARD BOOK NUMBER | |
| International Standard Book Number | 0201547481 |
| 040 ## - CATALOGING SOURCE | |
| Transcribing agency | Nust |
| 082 00 - DEWEY DECIMAL CLASSIFICATION NUMBER | |
| Classification number | 005.75,CAT |
| 100 1# - MAIN ENTRY--PERSONAL NAME | |
| Personal name | Cattell, R. G. G. |
| 9 (RLIN) | 95077 |
| 245 10 - TITLE STATEMENT | |
| Title | Object data management : |
| Remainder of title | object-oriented and extended relational database systems / |
| Statement of responsibility, etc. | R.G.G. Cattell. |
| 250 ## - EDITION STATEMENT | |
| Edition statement | Rev. ed. |
| 260 ## - PUBLICATION, DISTRIBUTION, ETC. | |
| Place of publication, distribution, etc. | Reading, Mass. : |
| Name of publisher, distributor, etc. | Addison-Wesley Pub. Co., |
| Date of publication, distribution, etc. | c1994. |
| 300 ## - PHYSICAL DESCRIPTION | |
| Extent | xxi, 389 p. : |
| Other physical details | ill. ; |
| Dimensions | 24 cm. |
| 505 ## - FORMATTED CONTENTS NOTE | |
| Formatted contents note | Introduction (Page-1), Advanced Database Applications (Page-15), Traditional Database Systems (Page- 47), Object Data Management Concepts (Page-77), Implementation Issues (Page-149), Future Database Systems (Page-209), Goals For Object Data Management (Page-253). |
| 650 #0 - SUBJECT ADDED ENTRY--TOPICAL TERM | |
| Topical term or geographic name entry element | Database management. |
| 650 #0 - SUBJECT ADDED ENTRY--TOPICAL TERM | |
| Topical term or geographic name entry element | Object-oriented databases. |
| 9 (RLIN) | 95071 |
| 650 #0 - SUBJECT ADDED ENTRY--TOPICAL TERM | |
| Topical term or geographic name entry element | Relational databases. |
| 9 (RLIN) | 36802 |
| 942 ## - ADDED ENTRY ELEMENTS (KOHA) | |
| Koha item type | Reference |
| Source of classification or shelving scheme | |
| Withdrawn status | Lost status | Source of classification or shelving scheme | Damaged status | Not for loan | Permanent Location | Current Location | Shelving location | Date acquired | Full call number | Barcode | Date last seen | Price effective from | Koha item type | Public note |
|---|---|---|---|---|---|---|---|---|---|---|---|---|---|---|
| Military College of Signals (MCS) | Military College of Signals (MCS) | Reference | 12/12/2016 | 005.75,CAT | MCS27145 | 12/08/2016 | 12/12/2016 | Book | Almirah No.18, Shelf No.2 |
